000 01395nam a2200217 a 4500
001 32516
003 BD-RjUL
005 20211209051840.0
008 181013m19641960enkc 000 0aeng d
035 _a(BD-RjUL)32605
040 _aDLC
_cDLC
_dUKM
_dEQO
_dBD-RjUL
_beng
041 _aeng
082 0 0 _a297.4
_bKHS V-1-V-11 1960-1964
_223
100 1 _a Khan, Inayat
_d1882-1927.
_998433
245 1 4 _aThe Sufi message of Hazrat Inayat Khan /
_cby Inayat khan.
260 _aLondon :
_bPublished for International Headquarters of the Sufi Movement, Geneva, by Barrie and Rockliff,
_cc1960-1964
300 _a v. :
_bIll. ;
_c22 cm.
505 0 _aVolume 1. The way of illumination. The inner life. The soul, whence and whither? The purpose of life -- v. 3. Education. Rasa Shastra. Character-building and the art of personality. Moral culture -- v. 4. Health. Mental purification. The mind-world.-- v. 5. A Sufi message of spiritual liberty. Aqibat, life after death. The phenomenon of the soul. Love, human and divine. Pearls from the ocean unseen. Metaphysics.-- v. 6. The alchemy of happiness.-- v. 7. In an eastern rose garden. -- v. 8. Sufi teachings.-- v. 9. The unity of religious ideals.-- v. 10. Sufi mysticism. The path of imitation and discipleship. Sufi poetry. Art. The problem of the day.-- v. 11. Philosophy, psychology, mysticism. --
650 0 _aSufism.
_998434
942 _2ddc
_cBK
999 _c32516
_d32516